000 00290nam a22001337a 4500
008 171206b xxu||||| |||| 00| 0 eng d
020 _a0471863718
041 _aeng
080 _22ND
_a621
100 _a27
101 _aIM
245 _aAPPLIED COMBINATORICS
_cTUCKER,A
942 _2udc
_cBK
999 _c38796
_d38796